000 00659nam a2200193 4500
008 020508s1985 nyu engt
020 _a0942119053
090 _a296.4
_bJ55
245 1 0 _aJewish symbols [videorecording] :
_bthe magic & the meaning /
_cDoko Video Ltd.
260 _aNew York :
_bDoko Communications,
_cc1985.
300 _avideocassette (25 mins.) :
_bsd., col.
500 _aVHS [original]
650 4 _aCabala.
650 4 _aJewish art and symbolism
_xHistory.
650 4 _aJudaism
_xLiturgical objects.
650 4 _aSymbolism in the Bible.
710 2 2 _aDoko Communications
951 _pV-1469
_o296.4/J55
_j070613111105031
_d2000-12-21
_cVT
999 _c6684
_d6684